Plus grandes villes du monde par lettre - A - Statistiques

Statistiques générales
  • Ce quiz a été pris 560 fois
  • Le résultat moyen est 13 sur 20
Statistiques - réponses
Pays Population Ville % Correct
Algerie 7.797 Mio Alger
98%
Pays-Bas 2.480 Mio Amsterdam
95%
Turquie 5.504 Mio Ankara
95%
Grèce 3.742 Mio Athènes
95%
Égypte 5.279 Mio Alexandrie
79%
Madagascar 3.210 Mio Antananarivo
79%
Côte d'Ivoire 4.707 Mio Abidjan
78%
Éthiopie 5.153 Mio Addis-Abeba
76%
Paraguay 2.645 Mio Asunción
75%
Jordanie 6.101 Mio Amman
74%
Émirats arabes unis 1.935 Mio Abou Dabi
73%
Ghana 5.390 Mio Accra
71%
États-Unis 6.853 Mio Atlanta
70%
Turquie 2.426 Mio Antalya
54%
Espagne 1.825 Mio Alicante - Elche
45%
États-Unis 2.227 Mio Austin
39%
Kazakhstan 1.917 Mio Almaty
33%
Inde 8.068 Mio Ahmedabad
27%
Turquie 3.976 Mio Adana - Mersin
15%
Chine 3.746 Mio Anshan - Liaoyang
4%
Aucun quiz correspondant
Distribution des résultats
% des personnes avec chaque résultat
Percentile par nombre de réponses
Votre historique - résultats
Vous n’avez pas pris ce quiz